000 00646nam a2200229 a 4500
005 20140310183621.0
008 130408s19uu xx 00 eng d
020 _a9780071611664
050 _aHF 5635
_b.En55 2007
100 _aEnglard, Baruch
245 _aSchaum's outline of intermediate accounting II /
_cBaruch Englard.
250 _a2nd ed.
260 _aNew York, NY :
_bSchaum,
_c2007.
300 _a280 p. :
_c28 cm.
440 _aSchaum's outline series
500 _aIncludes index
521 _aBSBA
650 _aAccounting
650 _aAccounting
_xProblems, exercises, etc
942 _cBK
_2lcc
_kFOR
999 _c25406
_d25406